The all England law reports 1947 (Record no. 300711)

MARC details
000 -LEADER
fixed length control field 00476nam a2200169Ia 4500
008 - FIXED-LENGTH DATA ELEMENTS--GENERAL INFORMATION
fixed length control field 191130s1947##################000#0#eng##
082 ## - DEWEY DECIMAL CLASSIFICATION NUMBER
Classification number 348.4204 BRI
245 ## - TITLE STATEMENT
Title The all England law reports 1947
Statement of responsibility, etc edited by G.F.L. Bridgman
260 ## - PUBLICATION, DISTRIBUTION, ETC. (IMPRINT)
Place of publication London
Name of publisher Butterworth & Co
Year of publication 1947
300 ## - PHYSICAL DESCRIPTION
Number of Pages 928 p.; 23 cm.
650 ## - SUBJECT ADDED ENTRY--TOPICAL TERM
Topical Term Law- Reports
700 ## - ADDED ENTRY--PERSONAL NAME
Personal name Bridgman, G. F. L
991 ## -
-- 393793
Holdings
Withdrawn status Lost status Damaged status Not for loan Home library Current library Shelving location Date acquired Full call number Accession Number Price effective from Koha item type
        Anna Centenary Library Anna Centenary Library 4TH FLOOR, A WING 15.10.2020 348.4204 BRI 400661 15.10.2020 English Books

Find us on the map